02029nam a2200253 i 4500003000900000005001700009007000300026008004100029020001800070040003000088082001400118110005900132245009400191264003500285300004200320336002700362337003400389338002800423500002200451504002900473520117800502650004101680710005401721DO-SdBNP20250611073819.0ta240815s2023 dr d 000 j spa d a9789945644579 aDO-SdBNPbspacBNPHUerda 4222bR426m1 aRepública Dominicana.bMinisterio de Salud Pública10aManual de procedimientos para el abordaje clínico y programático de la tuberculosis / 1aSanto Domingo :bMspas,c2023. a102 páginas, bgrafícas c22 cm. 2rdacontentatextobtxt 2rdamediaasin mediación bn 2rdacarrieravolumenbnc aLibro en espiral. aBibliografía p: 79-81. aLa tuberculosis es un problema prioritario de salud pública; por lo que el Ministerio de Salud Pública y Asistencia Social, en su rol de rectoría, diseña las estrategias e intervenciones para su prevención y control. Estas estrategias e intervenciones están incluidas en el Plan Decenal de Salud, la Estrategia Nacional de Desarrollo y los Objetivos de Desarrollo Sostenible (ODS) y la Estrategia Fin de la Tuberculosis. El país se encuentra entre los 12 países de la Región de Las Américas que presentan las tasas más altas estimadas de TB por la Organización Mundial de la Salud. Se estima una prevalencia de 73/100,000 habitantes y una incidencia de 60/100,000 habitantes. En República Dominicana, el control de la tuberculosis se suscribe y articula en el reconocimiento de la dignidad de las personas, sus derechos universales y la búsqueda de la liberación de sus capacidades para alcanzar la realización plena (1). El Ministerio de Salud Pública y Asistencia Social como ente rector es responsable de conducir la respuesta nacional a la tuberculosis y establece los procedimientos para el abordaje programático de la tuberculosis. 4aTuberculosisxPrevención y control1 aMinisterio de Salud Pública y Asistencia Social